Ley procesal del trabajo: (Registro nro. 16616)

Detalles MARC
000 -Cabecera
Campo de control interno 00509nam a2200181Ia 4500
005 - Fecha y hora del registro
control field 20260306170322.0
008 - Elementos de Longitud Fija
fixed length control field 260306t2006||||xx |||||||||||||| ||und||
041 ## - Idioma
Codigo Idioma ESP
082 ## - DEWEY y NOTACIÓN INTERNA
Dewey 348.8
Notación Interna P26L
100 ## - AUTOR
Autor denominación Paredes Lozada, Lourdes
Término de relación autor
245 #0 - TÍTULO DE MATERIAL BIBLIOGRÁFICO
Título Ley procesal del trabajo:
Título paralelo concordancias, jurisprudencia. Legislación conexa. Convenciones interamericanas
260 ## - CIUDAD, EDITORIAL, AÑO
Año 2006
300 ## - DESCRIPCIÓN
N° Páginas 150 páginas :
Dimensiones 21 cm.
650 ## - TEMAS
Temas Generalidades
654 ## - PROGRAMAS
Programa Dpto. de Derecho y Ciencia Política
942 ## - ELEMENTOS DE KOHA
Tipo de documento Libro
Nombre del creador Justo Noguera
Código de catalogador Justo Noguera
Esquema de clasificación Dewey Decimal Classification
Suppress in OPAC
Existencias
Codigo completo Registro Colección Copia número Disponibilidad Tipo de préstamo Biblioteca Actual Procedencia (Biblioteca) Ubicacón Fecha Ingreso Tipo de Adquisición Date last seen Total checkouts Price effective from Tipo de Item Estado del Material Fuente de Clasificación Damaged status Withdrawn status
348.8 P26L 1036452 Universidad Católica San Pablo 1 Disponible Disponible Víctor Andrés Belaunde Víctor Andrés Belaunde Primer piso 03/06/2026 Compra 06/03/2026   06/03/2026 Libro Bueno Dewey Decimal Classification